LEADER 00933cam0-2200313---450- 001 990005065000403321 005 20130429105920.0 010 $a0-520-02439-7 035 $a000506500 035 $aFED01000506500 035 $a(Aleph)000506500FED01 035 $a000506500 100 $a19990604d1974----km-y0itay50------ba 101 0 $aeng 102 $aUS 105 $a--------001yy 200 1 $aRhetoric in the Middle Ages$ea history of rhetorical theory from Saint Augustine to the Renaissance$fJames J. Murphy 210 $aBerkeley$cUniversity of California press$d1974 215 $aXIV, 395 p.$d23 cm 610 0 $aRetorica$aMedioevo 676 $a808.001 700 1$aMurphy,$bJames J.$0174089 801 0$aIT$bUNINA$gRICA$2UNIMARC 901 $aBK 912 $a990005065000403321 952 $a808.001 MUR 1$bIst.f.m.27262$fFLFBC 959 $aFLFBC 996 $aRhetoric in the middle ages$927640 997 $aUNINA LEADER 01077nam0-2200337---450- 001 990009724080403321 005 20130507113320.0 010 $a978-88-498-3116-0 035 $a000972408 035 $aFED01000972408 035 $a(Aleph)000972408FED01 035 $a000972408 100 $a20130507d2011----km-y0itay50------ba 101 0 $aita 102 $aIT 105 $aa-------001yy 200 1 $aEconomia e cooperazione internazionale nell'area del Mediterraneo$fMassimiliano Ferrara, Roberto Mavilia 210 $aSoveria Mannelli$cRubbettino$d2011 215 $a323 p.$cill.$d23 cm 225 1 $aUniversità 610 0 $aCooperazione economica internazionale$aPaesi mediterranei 676 $a337.11822$v22$zita 700 1$aFerrara,$bMassimiliano$f<1972- >$0519940 701 1$aMavilia,$bRoberto$0519941 801 0$aIT$bUNINA$gREICAT$2UNIMARC 901 $aBK 912 $a990009724080403321 952 $aVI M 173$b48620$fFSPBC 959 $aFSPBC 996 $aEconomia e cooperazione internazionale nell'area del Mediterraneo$9841754 997 $aUNINA LEADER 01260nam0-2200349---450- 001 990009555830403321 005 20120419141802.0 035 $a000955583 035 $aFED01000955583 035 $a(Aleph)000955583FED01 035 $a000955583 100 $a20120412d2010----km-y0itay50------ba 101 0 $aita 102 $aIT 105 $ay-------001yy 200 1 $aEtica e responsabilità sociale delle tecnologie dell'informazione$fSebastiano Di Guardo, Piercarlo Maggiolini, Norberto Patrignani (a cura di) 210 $aMilano$cFrancoAngeli$d2010 215 $a2 v.$d23 cm 327 1 $a1: Valori e deontologia professionale / prefazione di Stefano Rodotà$a2: Etica ed internet / prefazione di Bruno Lamborghini 610 0 $aInformatica$aDiffusione e regolamentazione$aAspetti morali 676 $a174.9004$v22$zita 702 1$aDi Guardo,$bSebastiano 702 1$aMaggiolini,$bPiercarlo 702 1$aPatrignani,$bNorberto 801 0$aIT$bUNINA$gREICAT$2UNIMARC 901 $aBK 912 $a990009555830403321 952 $aCollez. 2202 (37) I$b47508$fFSPBC 952 $aCollez. 2202 (37) II$b47509$fFSPBC 959 $aFSPBC 996 $aEtica e responsabilità sociale delle tecnologie dell'informazione$9853657 997 $aUNINA